[Event "Karlsruhe Grenke op"]
[Site "Karlsruhe"]
[Date "2024.04.01"]
[Round "8"]
[White "Chubakov, Sultan"]
[Black "Yi, Danny"]
[Result "1-0"]
[WhiteElo "2121"]
[BlackElo "2253"]
[PlyCount "119"]
[EventDate "2024.03.28"]
[EventType "swiss"]
[EventRounds "9"]
[EventCountry "GER"]
[SourceTitle "EXT 2025"]
[Source "ChessBase"]
[SourceDate "2024.10.14"]
[SourceVersion "1"]
[SourceVersionDate "2024.10.14"]
[SourceQuality "1"]

1. d4 Nf6 2. c4 g6 3. Nc3 d5 4. Bg5 Ne4 5. Bh4 Nxc3 6. bxc3 Bg7 7. e3 c6 8. Nf3 0-0 9. Qb3 Re8 10. Be2 Qa5 11. 0-0 Nd7 12. cxd5 cxd5 13. c4 e5 14. Rad1 exd4 15. Nxd4 Re4 16. Bg3 Bxd4 17. Rxd4 Nc5 18. Qd1 Rxd4 19. Qxd4 dxc4 20. Rd1 Be6 21. Bf4 Nd7 22. Bxc4 Bxc4 23. Qxc4 Ne5 24. Qb3 b6 25. h3 Nc6 26. Rd6 Rc8 27. Kh2 Qf5 28. Qb2 h5 29. h4 Kh7 30. Rf6 Qd5 31. e4 Qd7 32. Qb5 Kg7 33. Qg5 Qg4 34. Qxg4 hxg4 35. Rd6 Kf8 36. Kg3 Nb4 37. Rd2 Rc3+ 38. Kxg4 Nd3 39. Bg5 Ne5+ 40. Kf4 Nd3+ 41. Ke3 Nc5+ 42. Kd4 Ra3 43. Ke5 Rd3 44. Rc2 a5 45. Be3 Nd7+ 46. Kf4 b5 47. g4 b4 48. h5 Kg7 49. hxg6 Kxg6 50. Rc6+ Kg7 51. Kf5 a4 52. Rc4 Ra3 53. Rxb4 Rxa2 54. Rb7 Nf8 55. Bd4+ Kg8 56. Rb8 Rc2 57. Ra8 Rc4 58. Bb2 Rc5+ 59. Kf4 f6 60. Ba3 1-0

[Event "Titled Tuesday intern op 10th Oct Early"]
[Site "Chess.com INT"]
[Date "2023.10.10"]
[Round "7"]
[White "Aqib, Javaid Butt"]
[Black "Yi, Danny"]
[Result "0-1"]
[WhiteElo "1759"]
[BlackElo "2253"]
[PlyCount "64"]
[EventDate "2023.10.10"]
[EventType "swiss (blitz)"]
[EventRounds "11"]
[EventCountry "USA"]
[SourceTitle "EXT 2025"]
[Source "ChessBase"]
[SourceDate "2024.10.14"]
[SourceVersion "1"]
[SourceVersionDate "2024.10.14"]
[SourceQuality "1"]

1. d4 Nf6 2. Nf3 g6 3. c3 Bg7 4. g3 0-0 5. Bg2 d6 6. 0-0 Nc6 7. Re1 e5 8. dxe5 dxe5 9. Qxd8 Rxd8 10. e4 Re8 11. Nbd2 Bg4 12. h3 Bxf3 13. Nxf3 Rad8 14. Bg5 h6 15. Bxf6 Bxf6 16. Rad1 Na5 17. b3 b6 18. Kf1 Nb7 19. Ke2 Nc5 20. Ng1 h5 21. h4 Bg7 22. Nh3 Bh6 23. f3 Kf8 24. Nf2 Ke7 25. Bh3 a5 26. Nd3 Nxd3 27. Rxd3 Rxd3 28. Kxd3 Rd8+ 29. Kc4 Rd2 30. a4 Rh2 31. Bf1 Rf2 32. Be2 Bd2 0-1

[Event "Titled Tuesday intern op 10th Oct Early"]
[Site "Chess.com INT"]
[Date "2023.10.10"]
[Round "9"]
[White "Parkhov, Yair"]
[Black "Yi, Danny"]
[Result "1-0"]
[WhiteElo "2495"]
[BlackElo "2253"]
[PlyCount "103"]
[EventDate "2023.10.10"]
[EventType "swiss (blitz)"]
[EventRounds "11"]
[EventCountry "USA"]
[SourceTitle "EXT 2025"]
[Source "ChessBase"]
[SourceDate "2024.10.14"]
[SourceVersion "1"]
[SourceVersionDate "2024.10.14"]
[SourceQuality "1"]

1. d4 Nf6 2. c4 g6 3. Nc3 d5 4. cxd5 Nxd5 5. Nf3 Bg7 6. Bg5 Nxc3 7. bxc3 c5 8. e3 Nc6 9. Bc4 0-0 10. 0-0 Qd6 11. Bf4 Qd8 12. h3 Bf5 13. Qe2 Na5 14. Bd3 Bxd3 15. Qxd3 Rc8 16. Rab1 b6 17. Rfd1 Qd5 18. Rb2 Rfd8 19. Re2 e6 20. Be5 Bxe5 21. Nxe5 Nc6 22. Nxc6 Qxc6 23. Red2 Qa4 24. e4 cxd4 25. cxd4 Rc4 26. h4 h5 27. Qe3 b5 28. g4 hxg4 29. h5 Kg7 30. h6+ Kh7 31. Qf4 Qb4 32. Qxf7+ Kxh6 33. Kg2 Qf8 34. Qxf8+ Rxf8 35. d5 exd5 36. exd5 Rd8 37. d6 Rd7 38. Re1 Rc6 39. Re6 a5 40. Rd4 Rc4 41. Rd1 Rc6 42. Rd4 Kh7 43. Kg3 b4 44. Kxg4 Kh6 45. f3 Rc1 46. Kg3 Rc2 47. Rh4+ Kg5 48. Rg4+ Kf5 49. Rgxg6 Rxa2 50. Rgf6+ Kg5 51. f4+ Kh5 52. Rh6# 1-0

[Event "Titled Tuesday intern op 10th Oct Early"]
[Site "Chess.com INT"]
[Date "2023.10.10"]
[Round "2"]
[White "Salinas Tomas, Daniel"]
[Black "Yi, Danny"]
[Result "1-0"]
[WhiteElo "2214"]
[BlackElo "2253"]
[PlyCount "141"]
[EventDate "2023.10.10"]
[EventType "swiss (blitz)"]
[EventRounds "11"]
[EventCountry "USA"]
[SourceTitle "EXT 2025"]
[Source "ChessBase"]
[SourceDate "2024.10.14"]
[SourceVersion "1"]
[SourceVersionDate "2024.10.14"]
[SourceQuality "1"]

1. e4 e5 2. Nf3 Nc6 3. Nc3 Nf6 4. Bb5 Nd4 5. Bc4 Bc5 6. d3 d6 7. Be3 Bg4 8. Bxd4 Bxd4 9. h3 Bxf3 10. Qxf3 0-0 11. Ne2 Bxb2 12. Rb1 Ba3 13. Rxb7 Bc5 14. Rb1 Rb8 15. Rxb8 Qxb8 16. 0-0 Qb2 17. Bb3 a5 18. a4 Rb8 19. Ng3 c6 20. Nf5 d5 21. exd5 cxd5 22. Bxd5 Nxd5 23. Qxd5 Bf8 24. c4 g6 25. Ne3 Qc3 26. Qe4 Rb3 27. Rd1 Bc5 28. Nd5 Qc2 29. Rf1 Bd4 30. Ne7+ Kf8 31. Nc6 Qxd3 32. Qh4 Kg7 33. Qe7 Rb1 34. Rxb1 Qxb1+ 35. Kh2 Qe4 36. Nxd4 Qxd4 37. Kg1 Qf4 38. g3 Qc1+ 39. Kg2 Qc3 40. c5 Qd4 41. c6 Qe4+ 42. Kh2 Qxc6 43. Qxe5+ Kh6 44. Qxa5 Qc2 45. Kg1 Qd1+ 46. Kg2 Qc2 47. Qb5 Qe4+ 48. Kh2 Qf3 49. Kg1 Qd1+ 50. Kg2 Qc2 51. a5 Qe4+ 52. Kh2 Qf3 53. Kg1 Qd1+ 54. Kg2 Qa1 55. a6 f5 56. Qb7 f4 57. a7 Qa3 58. a8Q f3+ 59. Qxf3 Qc1 60. Qf4+ Qxf4 61. gxf4 Kg7 62. Qf3 Kh6 63. f5 gxf5 64. Qxf5 Kg7 65. Qe6 Kf8 66. Qd7 Kg8 67. Kf3 h6 68. Kf4 h5 69. Kf5 h4 70. Kf6 Kh8 71. Qg7# 1-0

[Event "GER-ch 93rd"]
[Site "Magdeburg"]
[Date "2022.08.19"]
[Round "8"]
[White "Cofman, Veaceslav"]
[Black "Yi, Danny"]
[Result "1-0"]
[WhiteElo "2287"]
[BlackElo "2273"]
[PlyCount "49"]
[EventDate "2022.08.14"]
[EventType "swiss"]
[EventRounds "9"]
[EventCountry "GER"]
[SourceTitle "CBM 209 Extra"]
[Source "ChessBase"]
[SourceDate "2022.09.30"]
[SourceVersion "1"]
[SourceVersionDate "2022.09.30"]
[SourceQuality "1"]

1. Nf3 Nf6 2. c4 g6 3. Nc3 d5 4. cxd5 Nxd5 5. Qb3 Nb6 6. d4 Bg7 7. e4 0-0 8. Be3 N6d7 9. Rd1 b6 10. Bc4 c6 11. Ng5 Qe8 12. e5 e6 13. Nce4 Ba6 14. Bxe6 fxe6 15. Nd6 Qe7 16. Nxe6 c5 17. Qd5 cxd4 18. Ng5+ Kh8 19. Ngf7+ Rxf7 20. Nxf7+ Qxf7 21. Qxf7 dxe3 22. Qe8+ Nf8 23. e6 Nc6 24. Qxa8 Nb4 25. fxe3 1-0

[Event "Titled Tuesday intern op 21st Dec"]
[Site "Chess.com INT"]
[Date "2021.12.21"]
[Round "5"]
[White "Przybylski, Wojciech"]
[Black "Yi, Danny"]
[Result "1-0"]
[WhiteElo "2321"]
[BlackElo "2273"]
[PlyCount "149"]
[EventDate "2021.12.21"]
[EventType "swiss (blitz)"]
[EventRounds "11"]
[EventCountry "USA"]
[SourceTitle "CBM 205 Extra"]
[Source "ChessBase"]
[SourceDate "2022.01.31"]
[SourceVersion "1"]
[SourceVersionDate "2022.01.31"]
[SourceQuality "1"]

1. e4 e6 2. d4 b6 3. Bd3 Bb7 4. Nf3 Nf6 5. Qe2 c5 6. c3 Nc6 7. e5 Nd5 8. a3 cxd4 9. cxd4 Be7 10. 0-0 0-0 11. Nc3 Nxc3 12. bxc3 d6 13. exd6 Qxd6 14. Ng5 Bxg5 15. Bxg5 Qd5 16. Qg4 Ne5 17. Qg3 Nxd3 18. Rab1 Rac8 19. Bd2 Ba6 20. Bh6 g6 21. Bxf8 Kxf8 22. Rfd1 Rxc3 23. Qb8+ Kg7 24. Rd2 Bb7 25. f3 Qxd4+ 26. Kh1 Bd5 27. h3 Qe3 28. Rbd1 Nf4 29. Kh2 Nh5 30. Rd4 Rc2 31. Rg4 Qxf3 32. Rg1 Qf5 33. Qd6 Nf6 34. Rg3 Rf2 35. Qb4 Qf4 36. Qxf4 Rxf4 37. Rd3 Ra4 38. Rc3 Ne4 39. Rd3 Nc5 40. Re3 b5 41. Rb1 a6 42. Rc3 Rc4 43. Re3 Ne4 44. Rbe1 Nd6 45. Rd1 Nf5 46. Red3 Rc2 47. Rg1 Nd6 48. h4 Nc4 49. Kh3 Ra2 50. g3 Rxa3 51. Rd4 Ne3 52. Re1 Nf5 53. Rb4 Rxg3+ 54. Kh2 Ra3 55. Rd1 Bc4 56. Re1 a5 57. Rb2 Ra2 58. Rxa2 Bxa2 59. Ra1 Bc4 60. Rxa5 Nxh4 61. Ra7 Nf5 62. Kg2 e5 63. Kf2 Kh6 64. Kf3 Kg5 65. Ke4 h5 66. Kxe5 h4 67. Ra1 h3 68. Rg1+ Kh4 69. Kf4 Bd5 70. Rg4+ Kh5 71. Rg5+ Kh6 72. Rg1 h2 73. Rg3 h1Q 74. Rh3+ Kg7 75. Ke5 1-0

[Event "GER-chT Lands U20"]
[Site "Berlin"]
[Date "2020.10.04"]
[Round "7.2"]
[White "Stelmaszyk, Nico"]
[Black "Yi, Danny"]
[Result "0-1"]
[WhiteElo "2301"]
[BlackElo "2266"]
[PlyCount "84"]
[EventDate "2020.09.29"]
[EventType "team-swiss"]
[EventRounds "7"]
[EventCountry "GER"]
[SourceTitle "CBM 198 Extra"]
[Source "ChessBase"]
[SourceDate "2020.11.30"]
[SourceVersion "1"]
[SourceVersionDate "2020.11.30"]
[SourceQuality "1"]
[WhiteTeam "Niedersachsen U20"]
[BlackTeam "Wuerttemberg U20"]
[WhiteTeamCountry "GER"]
[BlackTeamCountry "GER"]

1. e4 e5 2. Nf3 Nc6 3. Bc4 Bc5 4. b4 Bb6 5. a4 a6 6. Nc3 Nf6 7. Nd5 d6 8. 0-0 0-0 9. Nxb6 cxb6 10. d3 Nxb4 11. Rb1 Nc6 12. Be3 Bg4 13. Rxb6 Qd7 14. Qb1 Bxf3 15. gxf3 Rab8 16. Kh1 d5 17. Bb3 Qh3 18. Qd1 dxe4 19. dxe4 Rbd8 20. Bd5 Nxd5 21. exd5 Rxd5 22. Qe2 Rd7 23. Rfb1 Qh5 24. Rxb7 Rxb7 25. Rxb7 e4 26. Qxa6 Qxf3+ 27. Kg1 Qg4+ 28. Kh1 Qd1+ 29. Kg2 Rd8 30. h3 Ne5 31. Qf1 Qf3+ 32. Kh2 Qf6 33. Rb1 Nf3+ 34. Kh1 Qd6 35. Qg2 Qd1+ 36. Qf1 Qxc2 37. Bb6 Rc8 38. Ra1 Qb2 39. Rd1 Qxb6 40. Qb5 Qxf2 41. Qb8 Rxb8 42. Rc1 Qh2# 0-1

[Event "GER-chT Lands U20"]
[Site "Berlin"]
[Date "2020.09.30"]
[Round "2.5"]
[White "Yi, Danny"]
[Black "Kolb, Tobias"]
[Result "1-0"]
[WhiteElo "2266"]
[BlackElo "2268"]
[PlyCount "81"]
[EventDate "2020.09.29"]
[EventType "team-swiss"]
[EventRounds "7"]
[EventCountry "GER"]
[SourceTitle "CBM 198 Extra"]
[Source "ChessBase"]
[SourceDate "2020.11.30"]
[SourceVersion "1"]
[SourceVersionDate "2020.11.30"]
[SourceQuality "1"]
[WhiteTeam "Wuerttemberg U20"]
[BlackTeam "Bayern U20"]
[WhiteTeamCountry "GER"]
[BlackTeamCountry "GER"]

1. e4 c6 2. Nf3 d5 3. Nc3 Bg4 4. h3 Bxf3 5. Qxf3 e6 6. d3 d4 7. Nb1 Bb4+ 8. c3 Ba5 9. Qg3 Qf6 10. b4 Bb6 11. c4 a5 12. b5 a4 13. Bd2 Nd7 14. Be2 Qg6 15. Qxg6 hxg6 16. 0-0 Ne7 17. Na3 Bc5 18. Nc2 cxb5 19. cxb5 Nc8 20. Rab1 Nd6 21. Bb4 b6 22. Nxd4 Nxe4 23. Nxe6 fxe6 24. dxe4 Bxb4 25. Rxb4 Ke7 26. Rd1 Nc5 27. Rbd4 g5 28. f3 Rhc8 29. Kf2 a3 30. Ke3 Na4 31. Rd7+ Kf6 32. h4 Rc3+ 33. R1d3 gxh4 34. f4 Kg6 35. R7d6 Kf7 36. Rxc3 Nxc3 37. Bc4 Ra4 38. Bxe6+ Ke7 39. Rxb6 Nxe4 40. Bb3 Rb4 41. Re6+ 1-0

[Event "Titled Tuesday intern op 15th Sept"]
[Site "Chess.com INT"]
[Date "2020.09.15"]
[Round "4"]
[White "Belova, Olga"]
[Black "Yi, Danny"]
[Result "1-0"]
[WhiteElo "2069"]
[BlackElo "2266"]
[PlyCount "89"]
[EventDate "2020.09.15"]
[EventType "swiss (blitz)"]
[EventRounds "10"]
[EventCountry "USA"]
[SourceTitle "CBM 198 Extra"]
[Source "ChessBase"]
[SourceDate "2020.11.30"]
[SourceVersion "1"]
[SourceVersionDate "2020.11.30"]
[SourceQuality "1"]

1. d4 Nf6 2. Nc3 d5 3. Bf4 e6 4. Nb5 Na6 5. e3 c6 6. Nc3 Nc7 7. Bd3 Bd6 8. Nge2 0-0 9. Qd2 Re8 10. e4 dxe4 11. Nxe4 Nxe4 12. Bxe4 Nd5 13. Bg3 Qb6 14. 0-0-0 Bb4 15. c3 Be7 16. h4 a5 17. Qc2 Nf6 18. Bd3 a4 19. h5 a3 20. b3 c5 21. Be5 h6 22. Kb1 Bd7 23. Bxf6 Bxf6 24. g4 cxd4 25. Nxd4 Bxd4 26. cxd4 Rac8 27. Bc4 Bc6 28. Rhe1 Bf3 29. Rd2 Bxg4 30. Ka1 Bf5 31. Qc3 Qd6 32. Rg1 b5 33. d5 f6 34. dxe6 bxc4 35. Rxd6 cxb3 36. Qxb3 Rb8 37. Qxa3 Rb5 38. Rd7 Reb8 39. Rgxg7+ Kh8 40. Rh7+ Bxh7 41. Rxh7+ Kxh7 42. Qe7+ Kh8 43. Qxf6+ Kg8 44. Qg6+ Kf8 45. Qf7# 1-0

[Event "Titled Tuesday intern op 15th Sept"]
[Site "Chess.com INT"]
[Date "2020.09.15"]
[Round "7"]
[White "Swati, Mohota"]
[Black "Yi, Danny"]
[Result "0-1"]
[WhiteElo "2027"]
[BlackElo "2266"]
[PlyCount "60"]
[EventDate "2020.09.15"]
[EventType "swiss (blitz)"]
[EventRounds "10"]
[EventCountry "USA"]
[SourceTitle "CBM 198 Extra"]
[Source "ChessBase"]
[SourceDate "2020.11.30"]
[SourceVersion "1"]
[SourceVersionDate "2020.11.30"]
[SourceQuality "1"]

1. d4 d5 2. Nf3 e6 3. c4 c5 4. e3 cxd4 5. cxd5 dxe3 6. Bxe3 Nf6 7. Bb5+ Bd7 8. Bxd7+ Nbxd7 9. dxe6 fxe6 10. Qb3 Qa5+ 11. Nc3 Nd5 12. Bd4 Nc5 13. Bxc5 Bxc5 14. Qxb7 0-0 15. 0-0 Rad8 16. Nxd5 exd5 17. a3 Bb6 18. b4 Qb5 19. Qe7 Rde8 20. Qg5 Re6 21. Rad1 Rg6 22. Qh5 Qe2 23. Qxd5+ Kh8 24. Ne5 Rgf6 25. Nf7+ R6xf7 26. Kh1 Rxf2 27. Rxf2 Qxf2 28. h3 Bc7 29. Qd7 Qf1+ 30. Rxf1 Rxf1# 0-1

[Event "Titled Tuesday intern op 15th Sept"]
[Site "Chess.com INT"]
[Date "2020.09.15"]
[Round "1"]
[White "Yi, Danny"]
[Black "Shirov, Alexei"]
[Result "0-1"]
[WhiteElo "2266"]
[BlackElo "2647"]
[PlyCount "86"]
[EventDate "2020.09.15"]
[EventType "swiss (blitz)"]
[EventRounds "10"]
[EventCountry "USA"]
[SourceTitle "CBM 198 Extra"]
[Source "ChessBase"]
[SourceDate "2020.11.30"]
[SourceVersion "1"]
[SourceVersionDate "2020.11.30"]
[SourceQuality "1"]

1. e4 e5 2. Nf3 Nc6 3. Bb5 a6 4. Ba4 Nf6 5. 0-0 b5 6. Bb3 Bc5 7. c3 d6 8. d4 Bb6 9. Re1 Bg4 10. dxe5 Nxe5 11. Be3 Bxf3 12. gxf3 Bxe3 13. fxe3 0-0 14. Nd2 c5 15. Nf1 c4 16. Bc2 Re8 17. Ng3 Qc7 18. Qe2 d5 19. Rad1 dxe4 20. Nxe4 Nxe4 21. Bxe4 Rad8 22. Qf2 Nd7 23. Qh4 Nf6 24. Rxd8 Qxd8 25. Bb1 Qd2 26. Qf2 Qd6 27. Qg3 Qc5 28. Qf2 g6 29. Bc2 Kg7 30. e4 Qg5+ 31. Qg2 Qf4 32. Qg3 Qh6 33. Kg2 Nh5 34. Qf2 Nf4+ 35. Kh1 Re5 36. Qd4 Qh5 37. Bd1 Qg5 38. Rg1 Qf6 39. Rg3 h5 40. Kg1 Re7 41. Qxf6+ Kxf6 42. Bc2 Rd7 43. b3 Rd2 0-1

[Event "Titled Tuesday intern op 01st Sept"]
[Site "Chess.com INT"]
[Date "2020.09.01"]
[Round "2"]
[White "Funderburg, John T"]
[Black "Yi, Danny"]
[Result "0-1"]
[WhiteElo "2100"]
[BlackElo "2266"]
[PlyCount "72"]
[EventDate "2020.09.01"]
[EventType "swiss (blitz)"]
[EventRounds "10"]
[EventCountry "USA"]
[SourceTitle "CBM 198 Extra"]
[Source "ChessBase"]
[SourceDate "2020.11.30"]
[SourceVersion "1"]
[SourceVersionDate "2020.11.30"]
[SourceQuality "1"]

1. e4 e5 2. Nf3 Nc6 3. Bc4 Nf6 4. d4 exd4 5. e5 d5 6. Bb5 Ne4 7. Nxd4 Bd7 8. Bxc6 bxc6 9. 0-0 Be7 10. f3 Nc5 11. Nc3 0-0 12. f4 f6 13. Qe2 fxe5 14. fxe5 Rxf1+ 15. Kxf1 Ne6 16. Nxe6 Bxe6 17. Kg1 Qd7 18. Bf4 Rf8 19. Bg3 Bg4 20. Qa6 d4 21. Ne2 Qd5 22. Qd3 c5 23. Re1 c4 24. Nf4 Qa5 25. Qxc4+ Kh8 26. Rf1 Qc5 27. Qxc5 Bxc5 28. Nd3 Be7 29. Rxf8+ Bxf8 30. h3 Be2 31. Bf2 c5 32. b3 Bd1 33. Ne1 Kg8 34. Kf1 Kf7 35. Bg3 Ke6 36. Kf2 Be7 0-1

[Event "Titled Tuesday intern op 01st Sept"]
[Site "Chess.com INT"]
[Date "2020.09.01"]
[Round "7"]
[White "Yi, Danny"]
[Black "Vitenberg, Noam Aviv"]
[Result "0-1"]
[WhiteElo "2266"]
[BlackElo "2298"]
[PlyCount "52"]
[EventDate "2020.09.01"]
[EventType "swiss (blitz)"]
[EventRounds "10"]
[EventCountry "USA"]
[SourceTitle "CBM 198 Extra"]
[Source "ChessBase"]
[SourceDate "2020.11.30"]
[SourceVersion "1"]
[SourceVersionDate "2020.11.30"]
[SourceQuality "1"]

1. d4 d5 2. c4 e6 3. Nc3 a6 4. Nf3 Be7 5. e3 Nf6 6. Qc2 0-0 7. b3 Nbd7 8. Bb2 c5 9. Rd1 cxd4 10. Nxd4 Qa5 11. Bd3 dxc4 12. Bxc4 b5 13. Bd3 Bb7 14. 0-0 Rac8 15. Qd2 Bb4 16. Rc1 Nd5 17. Nde2 Qxa2 18. Bxh7+ Kh8 19. Nxa2 Bxd2 20. Rxc8 Rxc8 21. Bd3 Nc5 22. Bc2 Na4 23. bxa4 Rxc2 24. Rb1 Bxe3 25. fxe3 Rxe2 26. axb5 Nxe3 0-1

[Event "Titled Tuesday intern op 25th Aug"]
[Site "Chess.com INT"]
[Date "2020.08.25"]
[Round "7"]
[White "Rytenko, Vsevolod"]
[Black "Yi, Danny"]
[Result "1-0"]
[WhiteElo "2403"]
[BlackElo "2266"]
[PlyCount "69"]
[EventDate "2020.08.25"]
[EventType "swiss (blitz)"]
[EventRounds "10"]
[EventCountry "USA"]
[SourceTitle "CBM 198 Extra"]
[Source "ChessBase"]
[SourceDate "2020.11.30"]
[SourceVersion "1"]
[SourceVersionDate "2020.11.30"]
[SourceQuality "1"]

1. e4 e5 2. Nf3 Nc6 3. Bb5 a6 4. Ba4 Nf6 5. 0-0 b5 6. Bb3 Bc5 7. d3 0-0 8. Nc3 h6 9. Be3 Bxe3 10. fxe3 d6 11. Nh4 Na5 12. Nf5 Nxb3 13. axb3 Kh7 14. Qf3 Ng8 15. Rf2 g6 16. Ng3 Be6 17. d4 c5 18. Rd1 Qg5 19. h3 Rac8 20. Kh2 cxd4 21. exd4 b4 22. Nd5 Bxd5 23. exd5 exd4 24. Rxd4 Qe5 25. Re4 Qxb2 26. Rxb4 Rxc2 27. Rxc2 Qxc2 28. Rc4 Qb1 29. Ne4 a5 30. Rc7 Kg7 31. Nxd6 Qb2 32. Rxf7+ Rxf7 33. Qxf7+ Kh8 34. Qxg6 Qg7 35. Nf7+ 1-0

[Event "Pfalz op-A 11th"]
[Site "Neustadt an der Weinstrasse"]
[Date "2020.02.24"]
[Round "6"]
[White "Nemeth, Miklos"]
[Black "Yi, Danny"]
[Result "1-0"]
[WhiteElo "2502"]
[BlackElo "2286"]
[PlyCount "55"]
[EventDate "2020.02.21"]
[EventType "swiss"]
[EventRounds "9"]
[EventCountry "GER"]
[SourceTitle "CBM 195 Extra"]
[Source "ChessBase"]
[SourceDate "2020.05.31"]
[SourceVersion "1"]
[SourceVersionDate "2020.05.31"]
[SourceQuality "1"]

1. e4 e5 2. Nf3 Nc6 3. Bc4 Bc5 4. 0-0 Nf6 5. d3 0-0 6. a4 a6 7. c3 d6 8. b4 Bb6 9. Qb3 h6 10. Be3 Bxe3 11. fxe3 Ne7 12. Qa2 c6 13. Bb3 Ng6 14. Nbd2 d5 15. d4 exd4 16. cxd4 Nxe4 17. Nxe4 dxe4 18. Nd2 Qe7 19. Rf2 a5 20. b5 cxb5 21. axb5 Bd7 22. Bc4 Qg5 23. Re1 Bxb5 24. Bxf7+ Kh7 25. Qe6 Bd3 26. Nxe4 Bxe4 27. Qxe4 h5 28. Rf5 1-0